000 00464nam a2200157 i 4500
001 23482
003 ES-MaACL
005 20230906152859.0
007 t|
008 021210s1926 fr ||||1| fre d
100 1 _aAllendy, René.
_920022
245 1 4 _aLes rêves et leur interpretation psychanalytique /
_cpar René Allendy.
260 _aParis :
_bFélix Alcan,
_c1926 (
_eTours :
_fArrault et Cie.)
300 _a163 p. ;
_c19 cm.
852 _aES-MaACL
_jF-11878
999 _c23482
_d23482